[Event "WCO 2016"]
[Site "?"]
[Date "2016.09.13"]
[Round "11"]
[Board "30"]
[WhiteID "7602847"]
[White "Alkaseir Roaa"]
[BlackID "1436589"]
[Black "Vangsgaard Freja"]
[Result "1/2-1/2"]
[BlackElo "1983"]
[WhiteElo "1674"]
[LiveChessVersion "1.4.8"]

1. e4 {[%clk 1:30:56]} c6 {[%clk 1:30:49]} 2. d4 {[%clk 1:31:20]} d5
{[%clk 1:31:07]} 3. Nc3 {[%clk 1:31:45]} dxe4 {[%clk 1:31:26]} 4. Nxe4
{[%clk 1:32:09]} Bf5 {[%clk 1:31:45]} 5. Ng3 {[%clk 1:32:32]} Bg6
{[%clk 1:32:05]} 6. h4 {[%clk 1:32:56]} h6 {[%clk 1:32:26]} 7. h5
{[%clk 1:33:11]} Bh7 {[%clk 1:32:42]} 8. Nf3 {[%clk 1:33:35]} Nd7
{[%clk 1:32:58]} 9. Bd3 {[%clk 1:33:58]} Bxd3 {[%clk 1:33:17]} 10. Qxd3
{[%clk 1:34:21]} e6 {[%clk 1:33:33]} 11. Bd2 {[%clk 1:34:22]} Ngf6
{[%clk 1:33:47]} 12. O-O-O {[%clk 1:34:33]} Be7 {[%clk 1:33:50]} 13. Kb1
{[%clk 1:34:40]} O-O {[%clk 1:33:36]} 14. Ne2 {[%clk 1:26:18]} c5
{[%clk 1:29:24]} 15. Rdg1 {[%clk 1:24:15]} Ng4 {[%clk 1:17:51]} 16. Be1
{[%clk 1:12:25]} b5 {[%clk 0:53:09]} 17. Nd2 {[%clk 1:05:35]} c4 {[%clk 0:41:44]}
18. Qh3 {[%clk 1:00:06]} f5 {[%clk 0:40:28]} 19. Nf4 {[%clk 0:51:33]} Qb6
{[%clk 0:27:43]} 20. Ng6 {[%clk 0:43:11]} Rf7 {[%clk 0:24:25]} 21. Nxe7+
{[%clk 0:41:36]} Rxe7 {[%clk 0:24:54]} 22. Qc3 {[%clk 0:35:09]} Rc8
{[%clk 0:22:59]} 23. Nf3 {[%clk 0:34:29]} a5 {[%clk 0:22:01]} 24. Qxa5
{[%clk 0:23:22]} Qxa5 {[%clk 0:22:14]} 25. Bxa5 {[%clk 0:23:46]} Nxf2
{[%clk 0:22:25]} 26. Rh4 {[%clk 0:23:33]} Nf6 {[%clk 0:22:03]} 27. Ne5
{[%clk 0:19:20]} N2g4 {[%clk 0:21:14]} 28. Ng6 {[%clk 0:14:43]} Ree8
{[%clk 0:17:07]} 29. Bb4 {[%clk 0:13:35]} Kf7 {[%clk 0:15:59]} 30. Nf4
{[%clk 0:12:45]} Rcd8 {[%clk 0:15:33]} 31. c3 {[%clk 0:12:36]} Nd5
{[%clk 0:10:51]} 32. Nxd5 {[%clk 0:12:22]} Rxd5 {[%clk 0:10:56]} 33. Rf1
{[%clk 0:11:50]} Nf6 {[%clk 0:10:57]} 34. b3 {[%clk 0:09:44]} Rd7
{[%clk 0:09:45]} 35. bxc4 {[%clk 0:08:51]} bxc4 {[%clk 0:10:13]} 36. a4
{[%clk 0:09:20]} Nd5 {[%clk 0:09:44]} 37. Ka2 {[%clk 0:06:51]} Rb8
{[%clk 0:09:21]} 38. g4 {[%clk 0:02:57]} Nxb4+ {[%clk 0:08:15]} 39. cxb4
{[%clk 0:03:26]} Rxb4 {[%clk 0:08:17]} 40. gxf5 {[%clk 0:33:44]} Ra7
{[%clk 0:37:55]} 41. fxe6+ {[%clk 0:33:58]} Kg8 {[%clk 0:38:12]} 42. Rf3
{[%clk 0:33:18]} Rbxa4+ {[%clk 0:30:20]} 43. Kb1 {[%clk 0:23:51]} Ra1+
{[%clk 0:21:39]} 44. Kb2 {[%clk 0:24:13]} R1a2+ {[%clk 0:21:25]} 45. Kb1
{[%clk 0:23:24]} Ra1+ {[%clk 0:20:09]} 46. Kb2 {[%clk 0:23:48]} R7a2+
{[%clk 0:20:19]} 47. Kc3 {[%clk 0:23:18]} Ra3+ {[%clk 0:19:23]} 48. Kb2
{[%clk 0:23:44]} Rxf3 {[%clk 0:17:42]} 49. Kxa1 {[%clk 0:23:37]} c3
{[%clk 0:17:09]} 50. Kb1 {[%clk 0:22:19]} Kf8 {[%clk 0:15:49]} 51. Kc2
{[%clk 0:22:10]} Rf5 {[%clk 0:07:44]} 52. Kxc3 {[%clk 0:21:44]} Ke7
{[%clk 0:08:03]} 53. Kd3 {[%clk 0:21:33]} Kxe6 {[%clk 0:08:07]} 54. Ke4
{[%clk 0:21:51]} Rg5 {[%clk 0:08:06]} 55. Kf4 {[%clk 0:20:55]} Rd5
{[%clk 0:05:37]} 56. Ke4 {[%clk 0:20:58]} Rg5 {[%clk 0:05:01]} 57. Kf4
{[%clk 0:20:44]} Kd5 {[%clk 0:05:18]} 58. Rg4 {[%clk 0:20:53]} Rxh5
{[%clk 0:05:18]} 59. Rxg7 {[%clk 0:21:11]} Kxd4 {[%clk 0:05:33]} 60. Kg4
{[%clk 0:20:58]} Rh1 {[%clk 0:05:43]} 61. Rh7 {[%clk 0:20:50]} Ke5
{[%clk 0:05:31]} 62. Re7+ {[%clk 0:19:28]} Kf6 {[%clk 0:05:47]} 63. Re2
{[%clk 0:19:48]} Kg6 {[%clk 0:05:03]} 64. Re6+ {[%clk 0:19:07]} Kf7
{[%clk 0:05:13]} 65. Re5 {[%clk 0:19:04]} Kf6 {[%clk 0:04:59]} 66. Ra5
{[%clk 0:16:21]} Rg1+ {[%clk 0:04:49]} 67. Kf4 {[%clk 0:15:35]} Kg6
{[%clk 0:04:23]} 68. Ra3 {[%clk 0:15:10]} Rf1+ {[%clk 0:03:59]} 69. Rf3
{[%clk 0:15:24]} Rg1 {[%clk 0:04:18]} 70. Rg3+ {[%clk 0:15:53]} Rxg3
{[%clk 0:04:39]} 71. Kxg3 {[%clk 0:16:22]} Kg5 {[%clk 0:04:56]} 72. Kh3
{[%clk 0:16:49]} h5 {[%clk 0:05:16]} 73. Kh2 {[%clk 0:17:13]} Kg4
{[%clk 0:05:37]} 74. Kg2 {[%clk 0:17:41]} Kh4 {[%clk 0:05:54]} 75. Kh2
{[%clk 0:18:10]} Kg4 {[%clk 0:06:17]} 76. Kg2 {[%clk 0:18:39]} h4
{[%clk 0:06:38]} 77. Kh2 {[%clk 0:19:08]} h3 {[%clk 0:06:53]} 1/2-1/2

[Event "WCO 2016"]
[Site "?"]
[Date "2016.09.13"]
[Round "11"]
[Board "31"]
[WhiteID "1404113"]
[White "Fredericia Louise"]
[BlackID "7601263"]
[Black "Al-Mahmoud Rola"]
[Result "0-1"]
[BlackElo "1684"]
[WhiteElo "2117"]
[LiveChessVersion "1.4.8"]

1. e4 {[%clk 1:30:56]} c5 {[%clk 1:30:56]} 2. Nc3 {[%clk 1:31:18]} e6
{[%clk 1:31:13]} 3. f4 {[%clk 1:31:28]} d6 {[%clk 1:27:36]} 4. Nf3
{[%clk 1:31:23]} a6 {[%clk 1:27:52]} 5. d4 {[%clk 1:29:09]} cxd4 {[%clk 1:27:46]}
6. Qxd4 {[%clk 1:29:32]} Nc6 {[%clk 1:25:51]} 7. Qf2 {[%clk 1:29:53]} Qc7
{[%clk 1:25:03]} 8. Bd3 {[%clk 1:26:46]} b5 {[%clk 1:21:00]} 9. O-O
{[%clk 1:24:58]} Nf6 {[%clk 1:18:45]} 10. h3 {[%clk 1:12:17]} Be7
{[%clk 1:04:57]} 11. Be3 {[%clk 1:08:46]} Rb8 {[%clk 1:02:10]} 12. e5
{[%clk 0:56:03]} Nd7 {[%clk 0:49:40]} 13. Qg3 {[%clk 0:45:51]} O-O
{[%clk 0:40:23]} 14. exd6 {[%clk 0:41:15]} Qxd6 {[%clk 0:31:16]} 15. Rad1
{[%clk 0:37:57]} Qc7 {[%clk 0:28:54]} 16. Ng5 {[%clk 0:32:16]} Bxg5
{[%clk 0:26:20]} 17. Qxg5 {[%clk 0:31:39]} f5 {[%clk 0:20:26]} 18. a3
{[%clk 0:29:30]} Rf6 {[%clk 0:19:38]} 19. Be2 {[%clk 0:27:52]} Rg6
{[%clk 0:18:43]} 20. Qh4 {[%clk 0:28:13]} Nf6 {[%clk 0:18:21]} 21. Bf3
{[%clk 0:27:52]} Bb7 {[%clk 0:16:57]} 22. Qf2 {[%clk 0:28:03]} Ne7
{[%clk 0:14:37]} 23. Bb6 {[%clk 0:24:50]} Qc4 {[%clk 0:12:28]} 24. Ba7
{[%clk 0:12:19]} Bxf3 {[%clk 0:11:38]} 25. Qxf3 {[%clk 0:12:36]} Rc8
{[%clk 0:11:54]} 26. Rd6 {[%clk 0:11:25]} Nfd5 {[%clk 0:10:48]} 27. Rxa6
{[%clk 0:09:38]} Nxc3 {[%clk 0:07:15]} 28. Qxc3 {[%clk 0:09:34]} Qxc3
{[%clk 0:07:21]} 29. bxc3 {[%clk 0:09:59]} Rxc3 {[%clk 0:07:38]} 30. Rf2
{[%clk 0:09:43]} Nd5 {[%clk 0:07:41]} 31. Kf1 {[%clk 0:07:29]} Rc4
{[%clk 0:06:12]} 32. Ra5 {[%clk 0:06:45]} b4 {[%clk 0:05:41]} 33. axb4
{[%clk 0:04:57]} Rxb4 {[%clk 0:05:35]} 34. Bc5 {[%clk 0:05:11]} Rb1+
{[%clk 0:05:20]} 35. Ke2 {[%clk 0:05:31]} h6 {[%clk 0:05:37]} 36. Ra3
{[%clk 0:04:05]} Nf6 {[%clk 0:04:18]} 37. Re3 {[%clk 0:01:23]} Ne4
{[%clk 0:03:19]} 38. Rxe4 {[%clk 0:01:52]} fxe4 {[%clk 0:03:47]} 39. Rf1
{[%clk 0:00:59]} Rxg2+ {[%clk 0:03:57]} 40. Rf2 {[%clk 0:31:10]} Rxf2+
{[%clk 0:33:40]} 41. Kxf2 {[%clk 0:31:33]} Rb2 {[%clk 0:34:03]} 0-1

[Event "WCO 2016"]
[Site "?"]
[Date "2016.09.13"]
[Round "11"]
[Board "32"]
[WhiteID "7604661"]
[White "Manar Khalil"]
[BlackID "1444972"]
[Black "Kakulidis Ellen"]
[Result "1-0"]
[BlackElo "1928"]
[WhiteElo "1725"]
[LiveChessVersion "1.4.8"]

1. e4 {[%clk 1:30:56]} e6 {[%clk 1:30:54]} 2. d4 {[%clk 1:31:15]} d5
{[%clk 1:31:19]} 3. Nd2 {[%clk 1:31:29]} Nc6 {[%clk 1:31:36]} 4. c3
{[%clk 1:31:36]} e5 {[%clk 1:31:36]} 5. exd5 {[%clk 1:31:34]} Qxd5
{[%clk 1:31:19]} 6. Ngf3 {[%clk 1:31:33]} exd4 {[%clk 1:05:20]} 7. Bc4
{[%clk 1:31:28]} Qh5 {[%clk 0:54:50]} 8. O-O {[%clk 1:30:33]} Nf6
{[%clk 0:52:05]} 9. Qe1+ {[%clk 1:19:13]} Be7 {[%clk 0:49:22]} 10. Nxd4
{[%clk 1:15:33]} Nxd4 {[%clk 0:41:02]} 11. cxd4 {[%clk 1:15:49]} Nd5
{[%clk 0:41:01]} 12. Ne4 {[%clk 1:11:14]} Be6 {[%clk 0:36:33]} 13. Ng3
{[%clk 1:09:05]} Qg6 {[%clk 0:25:58]} 14. Bxd5 {[%clk 1:05:15]} Bxd5
{[%clk 0:24:46]} 15. Qe5 {[%clk 1:03:47]} Qd6 {[%clk 0:20:21]} 16. Qxg7
{[%clk 0:43:42]} O-O-O {[%clk 0:17:45]} 17. Be3 {[%clk 0:37:14]} Rdg8
{[%clk 0:16:09]} 18. Qe5 {[%clk 0:36:29]} h5 {[%clk 0:13:51]} 19. f3
{[%clk 0:34:22]} Qe6 {[%clk 0:09:31]} 20. Qxe6+ {[%clk 0:27:46]} fxe6
{[%clk 0:09:45]} 21. Ne4 {[%clk 0:26:53]} h4 {[%clk 0:08:44]} 22. h3
{[%clk 0:26:24]} Rg7 {[%clk 0:07:28]} 23. Bf4 {[%clk 0:24:51]} Rhg8
{[%clk 0:06:46]} 24. Rf2 {[%clk 0:24:49]} b6 {[%clk 0:02:25]} 25. Be5
{[%clk 0:22:44]} Rg6 {[%clk 0:02:28]} 26. Rc1 {[%clk 0:22:00]} c6
{[%clk 0:02:47]} 27. a3 {[%clk 0:20:58]} Kd7 {[%clk 0:02:55]} 28. Rcc2
{[%clk 0:16:35]} Rf8 {[%clk 0:02:32]} 29. Kf1 {[%clk 0:14:38]} Rgg8
{[%clk 0:02:11]} 30. Ke1 {[%clk 0:11:37]} Bxe4 {[%clk 0:02:12]} 31. fxe4
{[%clk 0:11:46]} Bd6 {[%clk 0:02:36]} 32. Bxd6 {[%clk 0:11:17]} Kxd6
{[%clk 0:02:59]} 33. Rxf8 {[%clk 0:10:33]} Rxf8 {[%clk 0:03:28]} 34. Rc3
{[%clk 0:10:12]} Rf4 {[%clk 0:03:41]} 35. Re3 {[%clk 0:08:01]} e5
{[%clk 0:04:01]} 36. dxe5+ {[%clk 0:06:40]} Kxe5 {[%clk 0:04:30]} 37. Ke2
{[%clk 0:06:16]} Rxe4 {[%clk 0:03:14]} 38. Kd3 {[%clk 0:06:11]} Rxe3+
{[%clk 0:03:24]} 39. Kxe3 {[%clk 0:06:40]} Kf5 {[%clk 0:02:42]} 40. Kf3
{[%clk 0:36:27]} c5 {[%clk 0:31:23]} 41. g4+ {[%clk 0:34:21]} hxg3
{[%clk 0:30:08]} 42. Kxg3 {[%clk 0:34:46]} b5 {[%clk 0:20:19]} 43. Kf3
{[%clk 0:33:15]} b4 {[%clk 0:09:37]} 44. Ke3 {[%clk 0:32:24]} Kg5
{[%clk 0:08:46]} 45. Kd3 {[%clk 0:32:23]} bxa3 {[%clk 0:08:39]} 46. bxa3
{[%clk 0:32:47]} Kh4 {[%clk 0:09:02]} 47. Kc4 {[%clk 0:33:12]} Kxh3
{[%clk 0:09:23]} 48. Kxc5 {[%clk 0:33:37]} Kg4 {[%clk 0:09:36]} 49. Kb5
{[%clk 0:33:35]} Kf5 {[%clk 0:09:17]} 50. Ka6 {[%clk 0:33:54]} Ke6
{[%clk 0:09:28]} 51. Kxa7 {[%clk 0:34:17]} Kd7 {[%clk 0:09:28]} 52. Kb7
{[%clk 0:34:40]} 1-0

[Event "WCO 2016"]
[Site "?"]
[Date "2016.09.13"]
[Round "11"]
[Board "1"]
[WhiteID "411850"]
[White "Smith Olivia"]
[BlackID "3301680"]
[Black "Ramirez Maria Eugenia"]
[Result "1/2-1/2"]
[BlackElo "2104"]
[WhiteElo "2002"]
[LiveChessVersion "1.4.8"]

1. e4 {[%clk 1:30:57]} e5 {[%clk 1:30:54]} 2. Nf3 {[%clk 1:31:23]} Nc6
{[%clk 1:31:17]} 3. Nc3 {[%clk 1:31:50]} Nf6 {[%clk 1:31:32]} 4. Bb5
{[%clk 1:32:14]} Bc5 {[%clk 1:31:36]} 5. O-O {[%clk 1:32:25]} O-O
{[%clk 1:30:07]} 6. Nxe5 {[%clk 1:30:51]} Re8 {[%clk 1:21:48]} 7. Nd3
{[%clk 1:26:35]} Bd4 {[%clk 1:22:05]} 8. Qf3 {[%clk 1:18:57]} Bxc3
{[%clk 1:18:00]} 9. dxc3 {[%clk 1:19:11]} Nxe4 {[%clk 1:18:02]} 10. Re1
{[%clk 1:13:56]} d5 {[%clk 1:16:14]} 11. Bf4 {[%clk 1:11:56]} Be6
{[%clk 1:13:24]} 12. Rad1 {[%clk 1:03:50]} Qc8 {[%clk 0:47:59]} 13. h3
{[%clk 1:01:41]} a6 {[%clk 0:39:10]} 14. Bxc6 {[%clk 0:57:35]} bxc6
{[%clk 0:39:35]} 15. Ne5 {[%clk 0:56:07]} Qb7 {[%clk 0:39:50]} 16. Bc1
{[%clk 0:55:29]} Qb6 {[%clk 0:36:15]} 17. Re3 {[%clk 0:53:46]} Re7
{[%clk 0:33:55]} 18. Qh5 {[%clk 0:52:11]} f6 {[%clk 0:32:23]} 19. Nd3
{[%clk 0:50:53]} Bf7 {[%clk 0:30:42]} 20. Qe2 {[%clk 0:47:48]} Ree8
{[%clk 0:29:40]} 21. Kh2 {[%clk 0:45:55]} Rad8 {[%clk 0:26:05]} 22. Nf4
{[%clk 0:42:20]} Qb5 {[%clk 0:21:45]} 23. c4 {[%clk 0:40:17]} Qc5
{[%clk 0:19:53]} 24. g3 {[%clk 0:37:55]} g5 {[%clk 0:17:22]} 25. Ng2
{[%clk 0:37:13]} Bg6 {[%clk 0:16:58]} 26. cxd5 {[%clk 0:36:12]} cxd5
{[%clk 0:16:42]} 27. c3 {[%clk 0:32:50]} Qc4 {[%clk 0:17:07]} 28. Qxc4
{[%clk 0:32:42]} dxc4 {[%clk 0:17:36]} 29. Rxd8 {[%clk 0:29:11]} Rxd8
{[%clk 0:14:05]} 30. f3 {[%clk 0:28:25]} Rd1 31. Re1 {[%clk 0:28:51]} Rxe1
{[%clk 0:13:14]} 32. Nxe1 {[%clk 0:26:42]} Nc5 {[%clk 0:12:43]} 33. f4
{[%clk 0:26:39]} gxf4 {[%clk 0:13:06]} 34. Bxf4 {[%clk 0:23:36]} Na4
{[%clk 0:13:26]} 35. Bxc7 {[%clk 0:23:04]} Nxb2 {[%clk 0:12:43]} 36. Kg2
{[%clk 0:22:27]} Nd1 {[%clk 0:10:40]} 37. Ba5 {[%clk 0:22:37]} Bb1
{[%clk 0:10:27]} 38. a3 {[%clk 0:22:37]} Be4+ {[%clk 0:10:27]} 39. Kf1
{[%clk 0:51:03]} Ne3+ {[%clk 0:05:09]} 40. Ke2 {[%clk 0:51:03]} Nd5
{[%clk 0:34:22]} 41. Nf3 {[%clk 0:48:56]} Bf5 {[%clk 0:33:57]} 42. h4
{[%clk 0:48:16]} Be4 {[%clk 0:25:40]} 43. Nd4 {[%clk 0:47:54]} 1/2-1/2

[Event "WCO 2016"]
[Site "?"]
[Date "2016.09.13"]
[Round "11"]
[Board "2"]
[WhiteID "3304019"]
[White "Monroy G. Nataly A."]
[BlackID "1800191"]
[Black "Roberts Lynda"]
[Result "0-1"]
[BlackElo "1888"]
[WhiteElo "2105"]
[LiveChessVersion "1.4.8"]

1. d4 {[%clk 1:30:57]} f5 {[%clk 1:30:53]} 2. Nc3 {[%clk 1:31:22]} d5
{[%clk 1:31:04]} 3. Bg5 {[%clk 1:31:47]} h6 {[%clk 1:29:44]} 4. Bf4
{[%clk 1:31:30]} Nf6 {[%clk 1:24:56]} 5. e3 {[%clk 1:31:25]} c6 {[%clk 1:23:36]}
6. Bd3 {[%clk 1:31:27]} Be6 {[%clk 1:14:40]} 7. h3 {[%clk 1:31:05]} Nbd7
{[%clk 1:10:55]} 8. Nf3 {[%clk 1:30:12]} Qb6 {[%clk 1:04:48]} 9. b3
{[%clk 1:28:44]} Ne4 {[%clk 1:01:10]} 10. Bxe4 {[%clk 1:26:13]} fxe4
{[%clk 1:00:19]} 11. Ne5 {[%clk 1:26:34]} Nxe5 {[%clk 0:58:43]} 12. Bxe5
{[%clk 1:26:58]} Qa5 {[%clk 0:57:23]} 13. Qd2 {[%clk 1:26:47]} Bf5
{[%clk 0:55:57]} 14. Na4 {[%clk 1:18:35]} Qxd2+ {[%clk 0:54:53]} 15. Kxd2
{[%clk 1:18:55]} b6 {[%clk 0:50:46]} 16. c4 {[%clk 1:18:23]} e6 {[%clk 0:45:04]}
17. Rac1 {[%clk 1:16:08]} Kd7 {[%clk 0:42:05]} 18. f4 {[%clk 1:13:59]} exf3
{[%clk 0:39:38]} 19. gxf3 {[%clk 1:14:20]} Rg8 {[%clk 0:37:55]} 20. c5
{[%clk 1:13:51]} b5 {[%clk 0:37:49]} 21. Nc3 {[%clk 1:14:13]} Bh7
{[%clk 0:33:48]} 22. Rcg1 {[%clk 1:11:21]} g6 {[%clk 0:33:01]} 23. Rg4
{[%clk 1:08:22]} Bg7 {[%clk 0:28:11]} 24. Bxg7 {[%clk 1:07:17]} Rxg7
{[%clk 0:28:22]} 25. Rh4 {[%clk 1:07:44]} Rf8 {[%clk 0:24:14]} 26. Ke2
{[%clk 1:06:55]} h5 {[%clk 0:22:03]} 27. Rg1 {[%clk 1:06:52]} Rgf7
{[%clk 0:21:36]} 28. f4 {[%clk 1:06:13]} a5 {[%clk 0:18:12]} 29. Nd1
{[%clk 1:06:21]} b4 {[%clk 0:17:57]} 30. Nb2 {[%clk 1:06:18]} g5 {[%clk 0:16:28]}
31. Rxg5 {[%clk 1:05:34]} Bb1 {[%clk 0:16:37]} 32. Nd3 {[%clk 1:05:49]} Bxa2
{[%clk 0:14:48]} 33. Nc1 {[%clk 1:05:37]} Bb1 {[%clk 0:07:55]} 34. Rhxh5
{[%clk 1:03:02]} a4 {[%clk 0:06:55]} 35. bxa4 {[%clk 1:02:40]} Ra8
{[%clk 0:06:44]} 36. Rg2 {[%clk 1:01:12]} Rxa4 {[%clk 0:06:06]} 37. Kd1
{[%clk 0:59:42]} Be4 {[%clk 0:04:47]} 38. Rb2 {[%clk 0:57:24]} Bf3+
{[%clk 0:05:00]} 39. Kd2 {[%clk 0:57:30]} Bxh5 {[%clk 0:05:24]} 40. Nd3
{[%clk 1:27:55]} Rg7 {[%clk 0:34:38]} 0-1

[Event "WCO 2016"]
[Site "?"]
[Date "2016.09.13"]
[Round "11"]
[Board "3"]
[WhiteID "1802240"]
[White "Camp Imogen A L"]
[BlackID "3301630"]
[Black "Cordero Daniela"]
[Result "1-0"]
[BlackElo "1954"]
[WhiteElo "1718"]
[LiveChessVersion "1.4.8"]

1. d4 {[%clk 1:30:57]} e6 {[%clk 1:29:56]} 2. Nf3 {[%clk 1:31:22]} f5
{[%clk 1:30:06]} 3. h3 {[%clk 1:31:46]} Nf6 {[%clk 1:30:16]} 4. g4
{[%clk 1:31:08]} Bb4+ {[%clk 1:25:58]} 5. c3 {[%clk 1:30:54]} Be7
{[%clk 1:26:18]} 6. Rg1 {[%clk 1:31:06]} Ne4 {[%clk 1:16:04]} 7. gxf5
{[%clk 1:15:23]} Bh4 {[%clk 1:12:28]} 8. Be3 {[%clk 1:10:36]} exf5
{[%clk 1:12:18]} 9. Qd3 {[%clk 1:01:18]} d5 {[%clk 1:07:33]} 10. Nbd2
{[%clk 0:52:42]} f4 {[%clk 0:56:29]} 11. Nxe4 {[%clk 0:50:55]} fxe3
{[%clk 0:51:27]} 12. Qxe3 {[%clk 0:48:21]} dxe4 {[%clk 0:49:17]} 13. Qxe4+
{[%clk 0:48:45]} Be7 {[%clk 0:49:38]} 14. Rxg7 {[%clk 0:49:06]} Rf8
{[%clk 0:43:18]} 15. Qxh7 {[%clk 0:46:43]} Bf5 16. Qh5+ {[%clk 0:46:56]} Kd7
{[%clk 0:31:53]} 17. Ne5+ {[%clk 0:45:04]} Kc8 {[%clk 0:32:07]} 18. Bg2
{[%clk 0:36:28]} Qd6 {[%clk 0:27:41]} 19. Rf7 {[%clk 0:27:13]} Rxf7
{[%clk 0:14:10]} 20. Nxf7 {[%clk 0:26:09]} Qf6 {[%clk 0:13:24]} 21. Ne5
{[%clk 0:23:36]} Nd7 {[%clk 0:10:47]} 22. Qe8+ {[%clk 0:17:44]} Bd8
{[%clk 0:11:11]} 23. Nxd7 {[%clk 0:16:28]} Bxd7 {[%clk 0:11:30]} 24. Bxb7+
{[%clk 0:15:57]} Kxb7 {[%clk 0:11:55]} 25. Qxd7 {[%clk 0:16:22]} Qg5
{[%clk 0:10:08]} 26. Qg4 {[%clk 0:15:45]} Qd5 {[%clk 0:06:11]} 27. e4
{[%clk 0:14:06]} Qb5 {[%clk 0:06:27]} 28. O-O-O {[%clk 0:13:44]} Rb8
{[%clk 0:06:10]} 29. e5 {[%clk 0:12:02]} Ka6 {[%clk 0:05:21]} 30. Qg6+
{[%clk 0:11:00]} Rb6 {[%clk 0:04:11]} 31. Qd3 {[%clk 0:10:56]} Bg5+
{[%clk 0:04:29]} 32. Kc2 {[%clk 0:10:59]} Bf4 {[%clk 0:04:26]} 33. Qxb5+
{[%clk 0:09:30]} Kxb5 {[%clk 0:04:54]} 34. Rg1 {[%clk 0:09:40]} Rh6
{[%clk 0:04:30]} 35. Rg4 {[%clk 0:09:00]} Bh2 {[%clk 0:03:02]} 36. h4
{[%clk 0:08:00]} Kc4 {[%clk 0:03:12]} 37. b3+ {[%clk 0:08:08]} Kd5
{[%clk 0:03:41]} 38. Kd3 1-0

[Event "WCO 2016"]
[Site "?"]
[Date "2016.09.13"]
[Round "11"]
[Board "4"]
[WhiteID "3303888"]
[White "Molina Jessica"]
[BlackID "1802895"]
[Black "Sivarajasingam Venetia"]
[Result "0-1"]
[BlackElo "1631"]
[WhiteElo "1883"]
[LiveChessVersion "1.4.8"]

1. f4 {[%clk 1:30:48]} d5 {[%clk 1:30:43]} 2. Nf3 {[%clk 1:31:13]} g6
{[%clk 1:31:08]} 3. e3 {[%clk 1:30:08]} Bg7 {[%clk 1:30:58]} 4. d4
{[%clk 1:30:24]} c5 {[%clk 1:31:11]} 5. c3 {[%clk 1:30:38]} Nd7 {[%clk 1:31:37]}
6. Bd3 {[%clk 1:30:48]} Nh6 {[%clk 1:31:37]} 7. Bd2 {[%clk 1:26:29]} Qc7
{[%clk 1:31:35]} 8. Na3 {[%clk 1:23:57]} a6 {[%clk 1:31:14]} 9. Rc1
{[%clk 1:19:54]} c4 {[%clk 1:25:11]} 10. Be2 {[%clk 1:19:03]} Nf6
{[%clk 1:24:55]} 11. Ne5 {[%clk 1:18:34]} Nf5 {[%clk 1:22:22]} 12. Qa4+
{[%clk 1:06:13]} Bd7 {[%clk 1:18:39]} 13. Nxd7 {[%clk 1:06:18]} Nxd7
{[%clk 1:18:42]} 14. b3 {[%clk 1:05:32]} cxb3 {[%clk 1:10:33]} 15. Qxb3
{[%clk 1:05:13]} e6 {[%clk 1:08:51]} 16. c4 {[%clk 1:04:35]} dxc4
{[%clk 1:02:14]} 17. Nxc4 {[%clk 1:03:31]} Qd8 {[%clk 1:01:22]} 18. O-O
{[%clk 1:01:41]} b5 {[%clk 1:00:44]} 19. Na5 {[%clk 0:59:48]} h5 {[%clk 0:59:11]}
20. Bf3 {[%clk 0:59:36]} Nh4 {[%clk 0:40:24]} 21. Bxa8 {[%clk 0:54:44]} Qxa8
{[%clk 0:40:42]} 22. Nc6 {[%clk 0:54:40]} Nb8 {[%clk 0:37:04]} 23. g3
{[%clk 0:52:15]} Nxc6 {[%clk 0:35:58]} 24. gxh4 {[%clk 0:52:30]} Ne7
{[%clk 0:36:02]} 25. Qd3 {[%clk 0:50:52]} Nf5 {[%clk 0:35:28]} 26. Be1
{[%clk 0:49:21]} Bf6 {[%clk 0:34:20]} 27. Qe2 {[%clk 0:45:43]} O-O
{[%clk 0:33:15]} 28. Qf3 {[%clk 0:45:06]} Qd8 {[%clk 0:32:41]} 29. Rc5
{[%clk 0:40:13]} Nxe3 {[%clk 0:30:17]} 30. Rc8 {[%clk 0:08:36]} Qxc8
{[%clk 0:29:56]} 31. Qxe3 {[%clk 0:09:02]} Qc4 {[%clk 0:29:51]} 32. Bf2
{[%clk 0:08:31]} Qxa2 {[%clk 0:29:02]} 33. Rc1 {[%clk 0:07:46]} b4
{[%clk 0:29:05]} 34. Be1 {[%clk 0:04:34]} b3 {[%clk 0:28:50]} 35. d5
{[%clk 0:02:28]} b2 {[%clk 0:28:13]} 36. dxe6 {[%clk 0:01:53]} bxc1=Q
{[%clk 0:28:01]} 37. exf7+ {[%clk 0:02:05]} Qxf7 {[%clk 0:28:04]} 0-1

[Event "WCO 2016"]
[Site "?"]
[Date "2016.09.13"]
[Round "11"]
[Board "1"]
[WhiteID "7001070"]
[White "Ishizuka Mirai"]
[BlackID "408697"]
[Black "Richards Heather S"]
[Result "0-1"]
[BlackElo "2199"]
[WhiteElo "1778"]
[LiveChessVersion "1.4.8"]

1. e4 {[%clk 1:30:57]} e6 {[%clk 1:30:55]} 2. d4 {[%clk 1:31:22]} d5
{[%clk 1:31:22]} 3. Nc3 {[%clk 1:31:48]} Bb4 {[%clk 1:31:47]} 4. e5
{[%clk 1:32:14]} Qd7 {[%clk 1:32:14]} 5. Bd2 {[%clk 1:22:11]} b6 {[%clk 1:31:47]}
6. f4 {[%clk 1:17:21]} Ne7 {[%clk 1:29:12]} 7. Nf3 {[%clk 1:11:48]} Bxc3
{[%clk 1:28:01]} 8. Bxc3 {[%clk 1:10:33]} Ba6 {[%clk 1:22:02]} 9. h4
{[%clk 1:09:06]} Bxf1 {[%clk 1:21:34]} 10. Rxf1 {[%clk 1:09:31]} Nf5
{[%clk 1:21:38]} 11. Qd3 {[%clk 1:07:04]} h5 {[%clk 1:18:47]} 12. Rh1
{[%clk 0:47:56]} c5 {[%clk 1:11:13]} 13. b3 {[%clk 0:42:18]} Nc6 {[%clk 1:08:44]}
14. a3 {[%clk 0:41:04]} Rc8 {[%clk 0:54:27]} 15. Kd2 {[%clk 0:33:57]} c4
{[%clk 0:52:17]} 16. bxc4 {[%clk 0:33:07]} dxc4 {[%clk 0:51:41]} 17. Qxc4
{[%clk 0:31:05]} Ncxd4 {[%clk 0:46:55]} 18. Qd3 {[%clk 0:30:28]} Nxf3+
{[%clk 0:43:50]} 19. gxf3 {[%clk 0:30:55]} Rc4 {[%clk 0:39:48]} 20. Ke1
{[%clk 0:26:19]} Qxd3 {[%clk 0:40:11]} 21. cxd3 {[%clk 0:26:26]} Rxc3
{[%clk 0:40:37]} 0-1